<?xml version="1.0" encoding="UTF-8"?>
<collection xmlns="http://www.loc.gov/MARC21/slim">
  <record>
    <leader>00000nam  2200000   4500</leader>
    <controlfield tag="001">INLIS000000000004399</controlfield>
    <controlfield tag="005">20241030075904</controlfield>
    <datafield tag="035" ind1="#" ind2="#">
      <subfield code="a">0010-0222001010</subfield>
    </datafield>
    <datafield tag="245" ind1="1" ind2="#">
      <subfield code="a">Pasti Bisa Belajar Sendiri CorelDraw X5 :</subfield>
      <subfield code="b">Temukan cara Belajar Praktis, Cepat, Mudah Dengan Metode: Baca-Coba-Bisa /</subfield>
      <subfield code="c">Madcoms</subfield>
    </datafield>
    <datafield tag="100" ind1="1" ind2="#">
      <subfield code="a">MADCOMS</subfield>
    </datafield>
    <datafield tag="250" ind1="#" ind2="#">
      <subfield code="a">Edisi 1, Cetakan 1</subfield>
    </datafield>
    <datafield tag="300" ind1="#" ind2="#">
      <subfield code="a">VI, 202 hlm :</subfield>
      <subfield code="b">gambar; tabel ;</subfield>
      <subfield code="c">14x21 cm</subfield>
    </datafield>
    <datafield tag="856" ind1="#" ind2="#">
      <subfield code="a">OPAC (Rak Tandon - Rak 1.4)</subfield>
    </datafield>
    <datafield tag="260" ind1="#" ind2="#">
      <subfield code="a">Yogyakarta :</subfield>
      <subfield code="b">Andi,</subfield>
      <subfield code="c">2010</subfield>
    </datafield>
    <datafield tag="082" ind1="#" ind2="#">
      <subfield code="a">006.68</subfield>
    </datafield>
    <datafield tag="084" ind1="#" ind2="#">
      <subfield code="a">006.68 MAD p</subfield>
    </datafield>
    <datafield tag="020" ind1="#" ind2="#">
      <subfield code="a">978-979-29-1705-5</subfield>
    </datafield>
    <datafield tag="650" ind1="#" ind2="4">
      <subfield code="a">Corel Draw</subfield>
    </datafield>
    <datafield tag="650" ind1="#" ind2="4">
      <subfield code="a">Sumbangan Mahasiswa 2013</subfield>
    </datafield>
    <datafield tag="500" ind1="#" ind2="#">
      <subfield code="a">Sumbangan Mahasiswa 2013</subfield>
    </datafield>
    <datafield tag="520" ind1="#" ind2="#">
      <subfield code="a">Buku ini Mempeajari berbagai fasilitas yang disediakan CorelDraw X5. Dilengkapi gambar-gambar dan uraian serta rinci pada tiap pokok bahasan serta contoh latihan yang tertuang dalam buku ini diharapkan dapat digunakan sebagai bahan panduan dan latihan pembaca untuk lebih memahami dan menguasai CorelDraw X5 dengan baik.</subfield>
    </datafield>
    <controlfield tag="008">241030################g##########0#ind##</controlfield>
    <datafield tag="990" ind1="#" ind2="#">
      <subfield code="a">5113/SM-13</subfield>
    </datafield>
  </record>
</collection>
